| 000 | 00669nam a2200193Ia 4500 | ||
|---|---|---|---|
| 003 | BUBTL | ||
| 008 | 151213s9999 xx 000 0 und d | ||
| 082 | _a346.04MOB | ||
| 100 | _aমোহাম্মদ খালেকুজ্জামান | ||
| 245 |
_aবাণিজ্যিক ও শিল্প আইন/ _cমোহাম্মদ খালেকুজ্জামান |
||
| 250 | _a7th ed. | ||
| 260 |
_aঢাকা : _bদি যমুনা পাবলিশার্স, _cc1999 |
||
| 300 |
_axxii, 845 p. : _c24 cm. |
||
| 650 | _aLaw | ||
| 650 | _aLaw | ||
| 856 |
_k0 _l0 _yDownload |
||
| 942 |
_2ddc _cBK |
||
| 999 |
_c1114 _d1114 |
||